[Event "XXXIV Open Internacional de Barbera del Valles - G
[Site "Barbera del Valles (Spain)"]
[Date "2011.07.09"]
[Round "6"]
[Board "1"]
[White "MASCARO MARCH, Pedro"]
[Black "SILVA RODRIGUEZ, Fernando"]
[Result "1/2-1/2"]
[WhiteElo "2413"]
[BlackElo "2064"]
[PlyCount "68"]
[EventDate "2011.07.04"]
[EventRounds "9"]
[EventCountry "ESP"]

1.d4 Nf6 2.c4 e6 3.Nc3 Bb4 4.e3 O-O 5.Nge2 d5 6.a3 Bd6 7.c5 Be7 8.b4 c6 9.Nf4 b6
10.Be2 a5 11.Bb2 Ba6 12.Nd3 Nbd7 13.O-O Qc7 14.Na4 axb4 15.axb4 bxc5 16.dxc5 e5
17.f4 exf4 18.Nxf4 Ne4 19.Bxa6 Rxa6 20.b5 cxb5 21.Nxd5 Qd8 22.Nab6 Rxa1 23.Bxa1
Nexc5 24.Nxd7 Qxd7 25.Qd4 f6 26.Rc1 Rd8 27.Rd1 Bd6 28.Bc3 Ne6 29.Qh4 Qf7 30.Qg4
Be5 31.Bb4 Re8 32.Qe2 Nc7 33.Nxc7 Qxc7 34.Qxb5 Rd8 1/2-1/2

[Event "XXXIV Open Internacional de Barbera del Valles - G
[Site "Barbera del Valles (Spain)"]
[Date "2011.07.09"]
[Round "6"]
[Board "1"]
[White "BALS HERNANDEZ, Jordi"]
[Black "VAN RIEMSDIJK, Herman C"]
[Result "0-1"]
[WhiteElo "2089"]
[BlackElo "2403"]
[PlyCount "52"]
[EventDate "2011.07.04"]
[EventRounds "9"]
[EventCountry "ESP"]

1.d4 c5 2.d5 Nf6 3.c4 b5 4.cxb5 a6 5.bxa6 g6 6.Nc3 Bxa6 7.g3 Bg7 8.Bg2 d6 9.Nf3
Nbd7 10.Rb1 O-O 11.O-O Ra7 12.Qc2 Bc4 13.Nd2 Bxa2 14.Ra1 Qa8 15.b4 cxb4 16.Nxa2
Nh5 17.Rb1 Rxa2 18.Qe4 Qa6 19.Qxe7 Nc5 20.Bf3 Nf6 21.Rxb4 Re8 22.Qc7 Nfd7 23.Nc4
Bf8 24.Qc6 Rc8 25.Qxa6 Nxa6 26.Rb2 Ra1 0-1

[Event "XXXIV Open Internacional de Barbera del Valles - G
[Site "Barbera del Valles (Spain)"]
[Date "2011.07.09"]
[Round "6"]
[Board "1"]
[White "PERPINYA ROFES, Lluis Maria"]
[Black "CRUZ LLEDO, Pablo"]
[Result "1-0"]
[WhiteElo "2395"]
[BlackElo "2269"]
[PlyCount "109"]
[EventDate "2011.07.04"]
[EventRounds "9"]
[EventCountry "ESP"]

1.e4 c6 2.d4 d5 3.e5 Bf5 4.h4 h5 5.c4 e6 6.Nc3 Nd7 7.cxd5 cxd5 8.Nge2 Be7 9.Qb3
Qb6 10.Qxb6 Nxb6 11.Ng3 Bg6 12.Bb5+ Kf8 13.a4 a6 14.Be2 Bb4 15.a5 Nc4 16.Bxc4
dxc4 17.Ra4 Bxc3+ 18.bxc3 Rc8 19.Ba3+ Ke8 20.Kd2 Ne7 21.f3 f6 22.exf6 gxf6
23.Re1 Kf7 24.Bxe7 Kxe7 25.Rb4 Rc7 26.Rb6 Bf7 27.Nf5+ Kf8 28.Nd6 Rg8 29.Re2 Kg7
30.Nxb7 Ra8 31.Nd6 Bg8 32.f4 Rd7 33.Nxc4 e5 34.Rd6 Rxd6 35.Nxd6 exf4 36.Re7+ Kf8
37.Rc7 Be6 38.c4 Rb8 39.d5 Bg4 40.Rf7+ Kg8 41.Rxf6 Rb2+ 42.Kc3 Rf2 43.c5 Kg7
44.Ne8+ Kg8 45.c6 Rf1 46.Kd4 Re1 47.Nd6 Rd1+ 48.Kc5 Rc1+ 49.Nc4 Rf1 50.Rg6+ Kf7
51.Rxg4 hxg4 52.c7 f3 53.gxf3 g3 54.c8=Q g2 55.Qf5+ 1-0

[Event "XXXIV Open Internacional de Barbera del Valles - G
[Site "Barbera del Valles (Spain)"]
[Date "2011.07.09"]
[Round "6"]
[Board "1"]
[White "OBON TEMPRANO, Sergi"]
[Black "FENOLLAR JORDA, Manuel"]
[Result "0-1"]
[WhiteElo "2255"]
[BlackElo "2358"]
[PlyCount "44"]
[EventDate "2011.07.04"]
[EventRounds "9"]
[EventCountry "ESP"]

1.e4 e5 2.Nf3 Nc6 3.Bc4 Bc5 4.c3 Nf6 5.d4 exd4 6.e5 d5 7.Bb5 Ne4 8.cxd4 Bb6
9.Nc3 O-O 10.Be3 f6 11.Qa4 Nxc3 12.bxc3 fxe5 13.Bxc6 exd4 14.Nxd4 bxc6 15.Qxc6
Ba6 16.O-O-O Bc4 17.Nb3 Rf6 18.Qa4 Bxe3+ 19.fxe3 Ra6 20.Qb4 Rb8 21.Qc5 Rxa2
22.Na5 Qf6 0-1

[Event "XXXIV Open Internacional de Barbera del Valles - G
[Site "Barbera del Valles (Spain)"]
[Date "2011.07.09"]
[Round "6"]
[Board "1"]
[White "CANAL OLIVERAS, Joan"]
[Black "HUERGA LEACHE, Mikel"]
[Result "1-0"]
[WhiteElo "2247"]
[BlackElo "2453"]
[PlyCount "135"]
[EventDate "2011.07.04"]
[EventRounds "9"]
[EventCountry "ESP"]

1.d4 d5 2.Nf3 Nf6 3.e3 c5 4.b3 Nc6 5.Bb2 Bg4 6.Nbd2 Rc8 7.Be2 Bxf3 8.Nxf3 Qa5+
9.c3 Ne4 10.Qd3 cxd4 11.exd4 e6 12.O-O Bd6 13.c4 O-O 14.a3 Bb8 15.Rac1 Qb6 16.b4
Ne7 17.g3 Rcd8 18.Bd1 Nf5 19.Kg2 h5 20.c5 Qc7 21.Ne5 h4 22.Bg4 Nh6 23.Bh3 Qe7
24.Rce1 Ng5 25.Bc1 Nxh3 26.Bxh6 Ng5 27.Bxg5 Qxg5 28.Nf3 Qf6 29.Nxh4 g6 30.Nf3
Kg7 31.Ne5 Rh8 32.h4 g5 33.hxg5 Qxg5 34.f4 Qh6 35.Rh1 Qf6 36.Qd1 Qf5 37.Qg4+
Qxg4 38.Nxg4 Rxh1 39.Rxh1 Bc7 40.Kf3 b6 41.a4 bxc5 42.dxc5 d4 43.Nf2 d3 44.Ke3
d2 45.Rd1 e5 46.Nd3 exf4+ 47.gxf4 Kf6 48.Rxd2 Kf5 49.Rb2 Re8+ 50.Kd4 Rd8+ 51.Kc4
Re8 52.Kb5 Re3 53.Kc6 Bd8 54.Rd2 Re4 55.Nf2 Re6+ 56.Rd6 Bh4 57.Rxe6 fxe6 58.Nd3
Ke4 59.Ne5 Bg3 60.Ng6 Kf5 61.Ne7+ Kxf4 62.b5 e5 63.b6 axb6 64.cxb6 e4 65.a5 Kf3
66.Nd5 e3 67.Nxe3 Kxe3 68.a6 1-0

[Event "XXXIV Open Internacional de Barbera del Valles - G
[Site "Barbera del Valles (Spain)"]
[Date "2011.07.09"]
[Round "6"]
[Board "1"]
[White "TRUJILLO, Villega Pablo Adrian"]
[Black "CRUZ RAVINA, Francisco Javier"]
[Result "0-1"]
[WhiteElo "2173"]
[BlackElo "2399"]
[PlyCount "120"]
[EventDate "2011.07.04"]
[EventRounds "9"]
[EventCountry "ESP"]

1.d4 Nf6 2.c4 d6 3.Nc3 e5 4.dxe5 dxe5 5.Qxd8+ Kxd8 6.Bg5 Be7 7.Nf3 Nc6 8.O-O-O+
Ke8 9.e3 Be6 10.Be2 Ng4 11.Bxe7 Kxe7 12.Nd5+ Bxd5 13.cxd5 Nb8 14.Rhf1 Nd7 15.Nh4
Nh6 16.g4 g5 17.Ng2 f6 18.h4 Nf7 19.hxg5 fxg5 20.f4 h6 21.Ne1 Nd6 22.Nf3 exf4
23.exf4 gxf4 24.Nd4 Nb6 25.Bf3 Kd7 26.Bh1 Raf8 27.Ne6 Rf6 28.Rxf4 Rxf4 29.Nxf4
Rg8 30.Bg2 Rf8 31.Ne6 Rf2 32.Nc5+ Ke7 33.Re1+ Kf7 34.Bh1 Nbc4 35.Nd3 Rh2 36.Be4
Rh3 37.Nf4 Re3 38.Bg6+ Ke7 39.Rh1 Kf6 40.Bc2 Nf7 41.Rf1 Nfe5 42.Ne6+ Rf3
43.Rxf3+ Nxf3 44.Nxc7 Nd4 45.Bd3 Ne5 46.Be4 Ke7 47.Kd2 Kd7 48.Kc3 Kxc7 49.Kxd4
Nxg4 50.Bf3 Nf6 51.Ke5 Ne8 52.Ke6 Nd6 53.b3 a5 54.Bh5 b6 55.Bg6 b5 56.Ke5 b4
57.Ke6 Nb5 58.Ke7 Nd6 59.Bh5 Nf5+ 60.Ke6 Ng7+ 0-1

[Event "XXXIV Open Internacional de Barbera del Valles - G
[Site "Barbera del Valles (Spain)"]
[Date "2011.07.09"]
[Round "6"]
[Board "1"]
[White "KASHTANOV, Ruslan"]
[Black "BAS MAS, Jose Joaquin"]
[Result "1/2-1/2"]
[WhiteElo "2360"]
[BlackElo "2194"]
[PlyCount "178"]
[EventDate "2011.07.04"]
[EventRounds "9"]
[EventCountry "ESP"]

1.e4 c5 2.Nf3 e6 3.d4 cxd4 4.Nxd4 a6 5.c4 Nf6 6.Nc3 Bb4 7.Qd3 Qc7 8.Nc2 Be7
9.Be2 O-O 10.O-O d6 11.b3 Nbd7 12.Bb2 b6 13.Qg3 Bb7 14.Ne3 Ne5 15.f4 Ng6 16.Kh1
Bxe4 17.f5 Ne5 18.fxe6 fxe6 19.Rxf6 Bxg2+ 20.Qxg2 Bxf6 21.Ne4 Rad8 22.Qh3 Qe7
23.Rd1 Nd7 24.Nxf6+ Nxf6 25.Bd3 e5 26.Rg1 Qb7+ 27.Rg2 Ne4 28.Kg1 Nf6 29.Bf5 b5
30.Nd5 Qa7+ 31.Kh1 Kh8 32.Bc1 g6 33.Be3 Qb7 34.Bxg6 Nxd5 35.cxd5 Rf1+ 36.Bg1 Rg8
37.Be4 Rxg2 38.Qxg2 Qf7 39.Qg4 Re1 40.Qc8+ Kg7 41.Qg4+ Kh8 42.a4 bxa4 43.bxa4 a5
44.Qc8+ Kg7 45.Qg4+ Kh8 46.Qf5 Qg8 47.Qf6+ Qg7 48.Qd8+ Qg8 49.Qf6+ Qg7 50.Qd8+
Qg8 51.Qxg8+ Kxg8 52.Bf5 Ra1 53.Bd7 Kf7 54.Kg2 Ke7 55.Bc6 Kf6 56.Bb6 Kf5 57.Bxa5
Ra2+ 58.Kf1 Kf4 59.Ke1 e4 60.Bc7 Kf3 61.Be8 e3 62.Bh5+ Ke4 63.Bxd6 Rxa4 64.Bd1
Ra1 65.Ke2 Ra2+ 66.Ke1 Ra1 67.Ke2 Ra2+ 68.Ke1 Kd4 69.Kf1 Kd3 70.Bg4 Ra4 71.h3
Kd2 72.Bg3 Ra1+ 73.Kg2 e2 74.d6 e1=Q 75.Bxe1+ Kxe1 76.d7 Ra8 77.Kf3 h6 78.Kf4
Kf2 79.Kf5 Kg3 80.Kg6 Kh4 81.Kxh6 Rd8 82.Kg6 Rb8 83.Be6 Rd8 84.Bg4 Rb8 85.Kf6
Ra8 86.Bf3 Rd8 87.Bg4 Ra8 88.Ke7 Kg5 89.Bf3 Rb8 1/2-1/2

[Event "XXXIV Open Internacional de Barbera del Valles - G
[Site "Barbera del Valles (Spain)"]
[Date "2011.07.09"]
[Round "6"]
[Board "1"]
[White "ANUPRITA, Patil"]
[Black "GOMEZ JURADO, Luis Alberto"]
[Result "0-1"]
[WhiteElo "2048"]
[BlackElo "2353"]
[PlyCount "98"]
[EventDate "2011.07.04"]
[EventRounds "9"]
[EventCountry "ESP"]

1.d4 d5 2.Nf3 Nf6 3.Bf4 e6 4.e3 c5 5.c3 Nc6 6.Bd3 Qb6 7.Qb3 c4 8.Qxb6 axb6 9.Bc2
b5 10.Nbd2 b4 11.Ke2 Nh5 12.Be5 f5 13.h3 Nxe5 14.dxe5 g6 15.g4 Ng7 16.Nd4 Bd7
17.f4 b5 18.N2f3 bxc3 19.bxc3 Ra3 20.Rhb1 Rxc3 21.a4 b4 22.a5 Bc5 23.Ba4 Bxa4
24.Rxa4 O-O 25.a6 Ra8 26.Ra5 Bxd4 27.Nxd4 Ra3 28.Ra1 Rxa1 29.Rxa1 b3 30.Kd2 fxg4
31.hxg4 b2 32.Rb1 Rxa6 33.Rxb2 h5 34.gxh5 gxh5 35.Ke2 Kf7 36.Kf3 Nf5 37.Nxf5
exf5 38.Rb7+ Kg6 39.Rb5 Rc6 40.Rxd5 c3 41.Rd1 c2 42.Rc1 h4 43.Kg2 Rc3 44.e6 Kf6
45.Kh3 Kxe6 46.Kxh4 Kd5 47.Kg3 Ke4 48.Kf2 Kd3 49.e4 fxe4 0-1

[Event "XXXIV Open Internacional de Barbera del Valles - G
[Site "Barbera del Valles (Spain)"]
[Date "2011.07.09"]
[Round "6"]
[Board "1"]
[White "MARMILI, Giulio"]
[Black "CODENOTTI, Marco"]
[Result "0-1"]
[WhiteElo "2165"]
[BlackElo "2323"]
[PlyCount "70"]
[EventDate "2011.07.04"]
[EventRounds "9"]
[EventCountry "ESP"]

1.Nf3 Nf6 2.g3 b5 3.a4 b4 4.Bg2 Bb7 5.O-O e6 6.c4 Be7 7.b3 c5 8.d4 O-O 9.Bb2 Qc7
10.e3 d6 11.dxc5 dxc5 12.Nbd2 Nbd7 13.Qe2 Rad8 14.Rfd1 h6 15.e4 e5 16.Ne1 Nb8
17.Nc2 Nc6 18.Ne3 Nd4 19.Bxd4 cxd4 20.Nd5 Nxd5 21.exd5 f5 22.f3 Bf6 23.Rac1 Rfe8
24.Qd3 g6 25.h4 h5 26.Re1 Kg7 27.Re2 Qc5 28.Rce1 Ba6 29.f4 e4 30.Nxe4 fxe4
31.Rxe4 Rxe4 32.Bxe4 Re8 33.Rd1 Bc8 34.Kg2 Rxe4 35.Qxe4 Bf5 0-1

[Event "XXXIV Open Internacional de Barbera del Valles - G
[Site "Barbera del Valles (Spain)"]
[Date "2011.07.09"]
[Round "6"]
[Board "1"]
[White "VILARNOVO CAAMANO, Jose"]
[Black "BYSTROV, Sergej M"]
[Result "1/2-1/2"]
[WhiteElo "2061"]
[BlackElo "2300"]
[PlyCount "67"]
[EventDate "2011.07.04"]
[EventRounds "9"]
[EventCountry "ESP"]

1.e4 c5 2.Nf3 Nc6 3.c4 g6 4.d4 cxd4 5.Nxd4 Bg7 6.Be3 Nf6 7.Nc3 d6 8.Be2 O-O
9.Qd2 Bd7 10.O-O Nxd4 11.Bxd4 Bc6 12.f3 a5 13.b3 Nd7 14.Rfd1 Bxd4+ 15.Qxd4 Qb6
16.Qxb6 Nxb6 17.Bf1 Nd7 18.Rd2 Nc5 19.Re1 f6 20.g3 Kf7 21.Kf2 Rad8 22.Red1 Rb8
23.Re1 Rfe8 24.Rd4 b6 25.Rd2 f5 26.e5 dxe5 27.Rxe5 Red8 28.Rxd8 Rxd8 29.Nd5 Bxd5
30.cxd5 Kf6 31.f4 Rd6 32.Bc4 Nd7 33.Re2 Nc5 34.Re5 1/2-1/2

[Event "XXXIV Open Internacional de Barbera del Valles - G
[Site "Barbera del Valles (Spain)"]
[Date "2011.07.09"]
[Round "6"]
[Board "1"]
[White "SIMON PADROS, Emili"]
[Black "ARANAZ MURILLO, Amalia"]
[Result "1/2-1/2"]
[WhiteElo "2279"]
[BlackElo "2176"]
[PlyCount "65"]
[EventDate "2011.07.04"]
[EventRounds "9"]
[EventCountry "ESP"]

1.e4 c6 2.Nf3 d5 3.exd5 cxd5 4.Ne5 Nc6 5.d4 Nf6 6.c3 g6 7.Bd3 Bg7 8.Qe2 O-O
9.O-O Nxe5 10.dxe5 Nd7 11.f4 Nc5 12.Bc2 b6 13.b4 Ba6 14.b5 Bb7 15.Be3 a6 16.Rd1
Qc7 17.Nd2 f6 18.f5 gxf5 19.Bxf5 e6 20.exf6 exf5 21.fxg7 Rfe8 22.Rf1 f4 23.Bxf4
Rxe2 24.Bxc7 Rxd2 25.Bxb6 d4 26.Rf8+ Kxg7 27.Rxa8 Bxa8 28.Bxc5 dxc3 29.Be3 Rxg2+
30.Kf1 Rxh2 31.bxa6 Bg2+ 32.Kf2 Bd5+ 33.Kg3 1/2-1/2

[Event "XXXIV Open Internacional de Barbera del Valles - G
[Site "Barbera del Valles (Spain)"]
[Date "2011.07.09"]
[Round "6"]
[Board "1"]
[White "AMORES GAGO, Javier"]
[Black "LUNA CORTES, Luis"]
[Result "0-1"]
[WhiteElo "2041"]
[BlackElo "2143"]
[PlyCount "54"]
[EventDate "2011.07.04"]
[EventRounds "9"]
[EventCountry "ESP"]

1.e4 c5 2.Nc3 e6 3.g3 d5 4.Bg2 dxe4 5.Nxe4 Nf6 6.Nxf6+ Qxf6 7.Nf3 Nc6 8.O-O Be7
9.c3 O-O 10.d4 h6 11.Ne5 Nxe5 12.dxe5 Qxe5 13.Bf4 Qf6 14.Qe2 Qg6 15.Rad1 a6
16.Be4 f5 17.Bxb7 Bxb7 18.Rd7 Bg5 19.Bxg5 Bc8 20.Be7 Bxd7 21.Bxf8 Rxf8 22.Qxa6
f4 23.Rd1 Bc8 24.Qd3 Qh5 25.a4 Ba6 26.Qd6 Bc4 27.Rd2 Qh3 0-1

[Event "XXXIV Open Internacional de Barbera del Valles - G
[Site "Barbera del Valles (Spain)"]
[Date "2011.07.09"]
[Round "6"]
[Board "1"]
[White "LJUBAROV, Mark"]
[Black "BUFI PUJADAS, Antonio"]
[Result "1-0"]
[WhiteElo "2115"]
[BlackElo "1902"]
[PlyCount "75"]
[EventDate "2011.07.04"]
[EventRounds "9"]
[EventCountry "ESP"]

1.e4 e5 2.Nf3 Nc6 3.Bc4 Bc5 4.c3 Qe7 5.O-O d6 6.h3 Nf6 7.d4 Bb6 8.a4 a6 9.Re1
O-O 10.Bg5 h6 11.Bh4 Kh7 12.Nbd2 Rg8 13.Bd5 g5 14.Bg3 g4 15.Nh4 gxh3 16.Nc4 Ba7
17.Qd3 Nh5 18.Kh2 Nf4 19.Bxf4 Qxh4 20.g3 Qh5 21.Bd2 Ne7 22.Ne3 c6 23.Bb3 Rg7
24.Bd1 Qg6 25.Bc2 f6 26.Rg1 Bd7 27.g4 Rag8 28.Nf5 Nxf5 29.exf5 Qf7 30.Qxh3 Rh8
31.g5 Rxg5 32.Bxg5 fxg5 33.Rxg5 e4 34.Bxe4 d5 35.Bc2 Bb8+ 36.Kh1 Qf6 37.Rg6 Qf8
38.f6 1-0

[Event "XXXIV Open Internacional de Barbera del Valles - G
[Site "Barbera del Valles (Spain)"]
[Date "2011.07.09"]
[Round "6"]
[Board "1"]
[White "GUIX TORRES, David"]
[Black "DURAN, Reinaldo"]
[Result "0-1"]
[WhiteElo "2019"]
[BlackElo "2098"]
[PlyCount "78"]
[EventDate "2011.07.04"]
[EventRounds "9"]
[EventCountry "ESP"]

1.e4 c5 2.Nf3 d6 3.c3 Nf6 4.Be2 g6 5.O-O Bg7 6.Re1 O-O 7.Bf1 e5 8.h3 Nc6 9.d4
Qc7 10.Bg5 Re8 11.dxc5 dxc5 12.Nbd2 Be6 13.Qc2 Nh5 14.Bc4 h6 15.Bxe6 Rxe6 16.Be3
b6 17.Rad1 Rf8 18.Nh4 Ne7 19.Qb3 Kh7 20.g4 Nf4 21.Bxf4 exf4 22.Nhf3 Nc6 23.Nc4
Rfe8 24.Qc2 b5 25.Ncd2 c4 26.Nf1 b4 27.Nd4 R6e7 28.Nxc6 Qxc6 29.cxb4 Rxe4
30.Rxe4 Rxe4 31.b5 Qe6 32.Nd2 Rd4 33.Rc1 h5 34.Nxc4 hxg4 35.h4 g3 36.fxg3 fxg3
37.b3 Rxh4 38.Rd1 Bd4+ 39.Rxd4 Qe1+ 0-1

[Event "XXXIV Open Internacional de Barbera del Valles - G
[Site "Barbera del Valles (Spain)"]
[Date "2011.07.09"]
[Round "6"]
[Board "1"]
[White "THOMPSON, Ian D"]
[Black "RIDAMEYA TATCHE, Jose Miguel"]
[Result "1-0"]
[WhiteElo "2274"]
[BlackElo "2072"]
[PlyCount "77"]
[EventDate "2011.07.04"]
[EventRounds "9"]
[EventCountry "ESP"]

1.c4 e5 2.g3 Nf6 3.Bg2 d5 4.cxd5 Nxd5 5.Nf3 Nc6 6.O-O Be7 7.d4 exd4 8.Nxd4 O-O
9.Nxc6 bxc6 10.Nc3 Be6 11.Qa4 Qe8 12.Rd1 Bd7 13.Qc2 Nxc3 14.Qxc3 Bd6 15.Be3 f5
16.Bc5 Rf6 17.Bd4 Rf7 18.e3 Re7 19.Rac1 Qh5 20.Bxc6 Bxc6 21.Qxc6 Rae8 22.Bc5
Bxc5 23.Qxc5 h6 24.Kg2 Kh7 25.Rd2 Qg6 26.Qc6 Qf7 27.b3 g5 28.Qd5 Qf8 29.Rc6 Rf7
30.Re6 Ree7 31.Rxe7 Qxe7 32.Rd4 Qe8 33.Rc4 Qe7 34.Rc6 Kg7 35.Re6 Qb4 36.Qe5+ Kh7
37.Re8 Kg6 38.Rg8+ Kh5 39.Qe6 1-0

[Event "XXXIV Open Internacional de Barbera del Valles - G
[Site "Barbera del Valles (Spain)"]
[Date "2011.07.09"]
[Round "6"]
[Board "1"]
[White "AMRUTHA, Mokal"]
[Black "LOSADA CARRERA, Francisco Javie"]
[Result "1/2-1/2"]
[WhiteElo "2042"]
[BlackElo "2231"]
[PlyCount "58"]
[EventDate "2011.07.04"]
[EventRounds "9"]
[EventCountry "ESP"]

1.e4 c5 2.Nf3 d6 3.d4 cxd4 4.Nxd4 Nf6 5.Nc3 a6 6.Be2 e5 7.Nb3 Be7 8.Bg5 Nbd7
9.a4 b6 10.Bc4 Bb7 11.Qe2 O-O 12.O-O Qc7 13.Rfd1 h6 14.Bxf6 Nxf6 15.Nd5 Nxd5
16.Bxd5 Rac8 17.Bxb7 Qxb7 18.c4 f5 19.exf5 Rxf5 20.Nd2 Rf4 21.b3 Rcf8 22.f3 d5
23.Qxe5 Bc5+ 24.Kh1 dxc4 25.Qe6+ Kh8 26.bxc4 R4f6 27.Qd5 Qc7 28.Ne4 Rf5 29.Qe6
Qf4 1/2-1/2

[Event "XXXIV Open Internacional de Barbera del Valles - G
[Site "Barbera del Valles (Spain)"]
[Date "2011.07.09"]
[Round "6"]
[Board "1"]
[White "VAN DER VEEN, Ronald"]
[Black "BALAGUE CAMPS, Marc"]
[Result "0-1"]
[WhiteElo "2034"]
[BlackElo "2119"]
[PlyCount "108"]
[EventDate "2011.07.04"]
[EventRounds "9"]
[EventCountry "ESP"]

1.d4 d5 2.c4 c6 3.Nc3 Nf6 4.Nf3 a6 5.cxd5 cxd5 6.Bf4 e6 7.e3 Be7 8.Bd3 O-O 9.O-O
b5 10.Rc1 Bb7 11.Ne5 Nbd7 12.Qf3 Nb6 13.a3 Rc8 14.g4 Nc4 15.Nxc4 bxc4 16.Bc2 Nd7
17.Kh1 Re8 18.g5 Nf8 19.h4 Bd6 20.Bg3 Bb8 21.Qg4 e5 22.f4 exd4 23.exd4 Qb6
24.Na4 Qxd4 25.Rcd1 Qe3 26.Rfe1 d4+ 27.Kh2 Qf3 28.Qxf3 Bxf3 29.Rxd4 Rxe1 30.Bxe1
Re8 31.Kg3 Bc6 32.Bd2 Re2 33.Bd1 Rg2+ 34.Kh3 Rg1 35.Be3 Rh1+ 36.Kg3 Ba7 37.Bf3
Bxf3 38.Kxf3 Rh3+ 39.Ke2 Rxe3+ 40.Kxe3 Ne6 41.Ke4 Nxd4 42.Kd5 Nf3 43.Kxc4 Nxh4
44.Kb4 Nf5 45.Ka5 Bd4 46.Kxa6 h5 47.gxh6 gxh6 48.b4 h5 49.Nc5 Bxc5 50.bxc5 h4
51.c6 h3 52.c7 Ne7 53.Kb7 h2 54.c8=Q+ Nxc8 0-1

[Event "XXXIV Open Internacional de Barbera del Valles - G
[Site "Barbera del Valles (Spain)"]
[Date "2011.07.09"]
[Round "6"]
[Board "1"]
[White "MINGARRO CARCELLER, Sergi"]
[Black "GEORGIEVA, Emilia"]
[Result "0-1"]
[WhiteElo "2069"]
[BlackElo "1975"]
[PlyCount "60"]
[EventDate "2011.07.04"]
[EventRounds "9"]
[EventCountry "ESP"]

1.e4 c6 2.d4 d5 3.exd5 cxd5 4.c4 Nf6 5.Nc3 e6 6.Nf3 Be7 7.cxd5 exd5 8.Bd3 O-O
9.h3 Nc6 10.O-O a6 11.Bg5 h6 12.Be3 Re8 13.Rc1 Bf8 14.a3 Ne4 15.Nd2 Nxc3 16.Rxc3
Qf6 17.Nb3 g5 18.Nc5 g4 19.hxg4 Qh4 20.g3 Qh3 21.Be2 Bxc5 22.dxc5 d4 23.Bxd4
Nxd4 24.Qxd4 Rxe2 25.Qd8+ Kg7 26.Rf3 Be6 27.Qxa8 Bd5 28.Qd8 Bxf3 29.Qd4+ Kh7
30.Qd3+ Be4 0-1

[Event "XXXIV Open Internacional de Barbera del Valles - G
[Site "Barbera del Valles (Spain)"]
[Date "2011.07.10"]
[Round "7"]
[Board "1"]
[White "PERALTA, Fernando"]
[Black "AROSHIDZE, Levan"]
[Result "1/2-1/2"]
[WhiteElo "2601"]
[BlackElo "2539"]
[PlyCount "0"]
[EventDate "2011.07.04"]
[EventRounds "9"]
[EventCountry "ESP"]

1.Nf3 {[%clk 1:30] ´} Nf6 {[%clk 1:29] ´} 2.c4 {[%clk 1:31] ´} b6 {[%clk  1:28]}
3.Nc3 {[%clk 1:30]} Bb7 {[%clk 1:28]} 4.d4 {[%clk 1:29]} e6 {[%clk  1:27]} 5.e3
{[%clk 1:29]} d5 {[%clk 1:24]} 6.Bd3 {[%clk 1:30]} Bd6 {[%clk  1:25]} 7.O-O
{[%clk 1:29]} O-O {[%clk 1:25]} 8.b3 {[%clk 1:29]} a6 {[%clk  1:25]} 9.Bb2
{[%clk 1:28]} Nbd7 {[%clk 1:25]} 10.Rc1 {[%clk 1:27]} Qe7 {[%clk 1:23]} 11.Na4
{[%clk 1:05]} dxc4 {[%clk 1:18]} 12.bxc4 {[%clk 1:05]} c5 {[%clk 1:17]} 13.Rb1
{[%clk 0:49]} Rab8 {[%clk 0:48]} 14.Re1 {[%clk  0:32]} cxd4 {[%clk 0:47]}
15.exd4 {[%clk 0:30]} b5 {[%clk 0:47]} 16.cxb5 {[%clk 0:27]} axb5 {[%clk 0:47]}
17.Nc3 {[%clk 0:27]} b4 {[%clk 0:44]} 18.Nb5 {[%clk 0:25]} Ba6 {[%clk 0:38]}
19.Qe2 {[%clk 0:13.55]} Nd5 {[%clk 0:33] 5} 20.g3 {[%clk 0:14.02]} Rb6 {[%clk
0:31] 2} 21.Rec1 {[%clk 0:08.15]} Rfb8 {[%clk 0:20] 5} 22.Na7 {[%clk 0:08.17]}
Bxd3 {[%clk 0:19.32]} 23.Qxd3 {[%clk  0:08.43]} Qe8 {[%clk 0:19.10] [%clk
0:18.53]} 24.Nc6 {[%clk 0:05.54]} Ra8 {[%clk 0:18.12]} 25.Ra1 {[%clk 0:06.02]}
Rba6 {[%clk 0:17.55]} 26.Qb3 {[%clk 0:04.23]} N7b6 {[%clk 0:16.15]} 27.Ng5
{[%clk 0:01.23]} f6 {[%clk 0:05.05]} 28.Ne4 {[%clk 0:01.35]} Bf8 {[%clk
0:05.31]} 29.Rc2 {[%clk 0:00.35]} Na4 {[%clk 0:05.53]} 30.Rac1 {[%clk 0:00.44]}
Rc8 {[%clk 0:04.50]} 31.Nd6 {[%clk 0:00.35]} Bxd6 {[%clk 0:05.02]} 32.Ne7+
{[%clk 0:00.59]} Qxe7 {[%clk 0:04.19]} 33.Rxc8+ {[%clk 0:01.25]} Kf7 {[%clk
0:04.45]} 34.Qd3 {[%clk 0:01.41]} Qb7 {[%clk 0:04.44]} 35.Qxh7 {[%clk 0:01.47]}
Ne7 {[%clk 0:04.21]} 36.Qh8 {[%clk 0:00.36]} Nxc8 {[%clk 0:03.51]} 37.Rxc8
{[%clk 0:01.05]} Kg6 {[%clk 0:03.41]} 38.g4 {[%clk 0:00.33]} Ra5 {[%clk
0:03.45]} 39.h4 {[%clk 0:00.34]} Nxb2 {[%clk  0:01.35]} 40.Qe8+ {[%clk 0:00.53]}
Kh6 {[%clk 0:01.56]} 41.Qh8+ {[%clk  0:01.17]} Kg6 {[%clk 0:02.22]} 42.Qe8+
{[%clk 0:01.12]} Kh6 {[%clk  0:02.49]} 43.Qh8+ 1/2-1/2

[Event "XXXIV Open Internacional de Barbera del Valles - G
[Site "Barbera del Valles (Spain)"]
[Date "2011.07.10"]
[Round "7"]
[Board "1"]
[White "GEORGIEV, Kiril"]
[Black "BACALLAO ALONSO, Yusnel"]
[Result "1-0"]
[WhiteElo "2654"]
[BlackElo "2532"]
[PlyCount "0"]
[EventDate "2011.07.04"]
[EventRounds "9"]
[EventCountry "ESP"]

1.Nf3 {[%clk 1:30] 1} Nf6 {[%clk 1:30] 1} 2.c4 {[%clk 1:31] 1} g6 {[%clk  1:30]}
3.Nc3 {[%clk 1:31]} d5 {[%clk 1:30]} 4.cxd5 {[%clk 1:31]} Nxd5 {[%clk  1:31]}
5.Qc2 {[%clk 1:31]} Bg7 {[%clk 1:27]} 6.e4 {[%clk 1:31]} Nb6 {[%clk  1:25]} 7.d4
{[%clk 1:31]} Bg4 {[%clk 1:23]} 8.Ne5 {[%clk 1:25]} Be6 {[%clk  1:20]} 9.Be3
{[%clk 1:26]} O-O {[%clk 1:15]} 10.Rd1 {[%clk 1:20]} c6 {[%clk  1:13]} 11.Be2
{[%clk 1:18]} N8d7 {[%clk 1:12]} 12.Nf3 {[%clk 1:13]} Bc4 {[%clk 1:11]} 13.O-O
{[%clk 1:13]} Qc7 {[%clk 1:09]} 14.Rfe1 {[%clk 1:09]} e5 {[%clk 0:55]} 15.d5
{[%clk 1:04]} Bxe2 {[%clk 0:54]} 16.Qxe2 {[%clk 1:00]} cxd5 {[%clk 0:54]}
17.Nxd5 {[%clk 0:56]} Nxd5 {[%clk 0:54]} 18.Rxd5 {[%clk  0:57]} Nb6 {[%clk
0:52]} 19.Rc5 {[%clk 0:52]} Qe7 {[%clk 0:52]} 20.Rec1 {[%clk 0:50]} Rfc8 {[%clk
0:51]} 21.Qb5 {[%clk 0:43]} Rxc5 {[%clk 0:50]} 22.Rxc5 {[%clk 0:43]} Qe6 {[%clk
0:37]} 23.b3 {[%clk 0:42]} Rc8 {[%clk 0:24]} 24.Rxc8+ {[%clk 0:32]} Qxc8 {[%clk
0:24]} 25.Nxe5 {[%clk 0:32]} Qe6 {[%clk  0:25]} 26.f4 {[%clk 0:33]} Bxe5 {[%clk
0:20]} 27.Qxe5 {[%clk 0:32]} Qxe5 {[%clk 0:20]} 28.fxe5 {[%clk 0:32]} Nd7 {[%clk
0:20]} 29.Bxa7 {[%clk 0:32]} Nxe5 {[%clk 0:20]} 30.Kf1 {[%clk 0:28]} Kf8 {[%clk
0:20]} 31.Ke2 {[%clk  0:27]} Ke7 {[%clk 0:19.07]} 32.Bd4 {[%clk 0:27] 7} Nc6
{[%clk 0:19.13]} 33.Bc3 {[%clk 0:27] 3} Kd6 {[%clk 0:19.26]} 34.Ke3 {[%clk 0:26]
6} Nd8 {[%clk  0:16.56]} 35.Bb4+ {[%clk 0:23] 6} Kd7 {[%clk 0:17.18]} 36.Kd4
{[%clk 0:22]  1} Nc6+ {[%clk 0:17.23]} 37.Kc5 {[%clk 0:22] ]} Ne5 {[%clk
0:17.02] [%clk  0:17.30]} 38.Bc3 {[%clk 0:20]} Ng4 {[%clk 0:12.12]} 39.h3 {[%clk
0:20]} Ne3 {[%clk 0:12.37]} 40.g3 {[%clk 0:20]} Nf1 {[%clk 0:12.16]} 41.Be1
{[%clk 0:18.12]} Nh2 {[%clk 0:12.18]} 42.Bf2 {[%clk 0:18.18]} Nf3 {[%clk
0:11.46]} 43.Be3 {[%clk 0:18.42]} Ne1 {[%clk 0:10.56]} 44.a4 {[%clk 0:18.42]} h5
{[%clk 0:09.48]} 45.Kd5 {[%clk 0:17.03]} Nd3 {[%clk  0:08.48]} 46.a5 {[%clk
0:15.26]} Nb4+ {[%clk 0:07.58]} 47.Kc5 {[%clk  0:14.44]} Na6+ {[%clk 0:05.51]}
48.Kb6 {[%clk 0:13.51]} Kc8 {[%clk  0:06.14]} 49.Bf4 {[%clk 0:12.17]} Nb4 {[%clk
0:06.15]} 50.Bd6 {[%clk  0:11.41]} Nd3 {[%clk 0:05.42]} 51.b4 {[%clk 0:11.40]}
Nb2 {[%clk  0:03.31]} 52.Kc5 {[%clk 0:11.10]} Nd3+ {[%clk 0:03.25]} 53.Kd5
{[%clk  0:11.36]} Nf2 {[%clk 0:03.33]} 54.b5 {[%clk 0:11.28]} 1-0